000 00772nas a2200277 4500
001 BR0604078
003 BR-BrBNA
005 20231205110332.0
007 ta
008 230509b bl.|||p| |||| 00| 00por d
040 _aBR-BrBNA
_bpor
_cBiblioteca Nacional de Agricultura
041 _a(Pt)
072 _aL73
100 1 _aVidotto, O.
100 1 _aMarana, E.R.M.
245 1 _aAnaplasmose bovina: aspectos epidemiológicos, clínicos e controle
650 _aBOVINO
650 _aANAPLASMOSE
650 _aEPIDEMIOLOGIA
650 _aCONTROLE INTEGRADO
650 _aANEMIA
650 _aELISA
773 0 _tSemina (Brazil)
_xISSN 0101-3742
_g(Mar 1999), v. 20(1) p. 98-106
_wBR0604078
909 _a202311
_bLúcia
_c55
_dLúcia Elande
942 _2AGRIS
_n0
_cANA
999 _c187015
_d187015